Imperative Song Titles - Statistics

General Stats
  • This quiz has been taken 14,080 times
    14,066 since last reset
  • The average score is 18 of 30
Answer Stats
Artist Song % Correct
Michael Jackson {Beat} It
94%
Steve Miller Band {Fly} Like an Eagle
88%
Eagles {Take} it Easy
87%
The Rolling Stones {Paint} it Black
83%
Taylor Swift {Shake} it Off
82%
Evanescence {Bring} Me to Life
81%
The Doors {Light} My Fire
81%
Stephen Stills {Love} the One You're With
78%
Elvis Presley {Return} to Sender
78%
John Lennon {Imagine}
76%
The Dave Clark Five {Catch} Us if You Can
74%
The Clash {Rock} the Casbah
71%
The Supremes {Stop} in the Name of Love
67%
Dionne Warwick {Walk} on By
67%
Blondie {Call} Me
63%
Aerosmith {Dream} On
63%
Van Halen {Jump}
63%
T. Rex {Bang} a Gong
59%
The Everly Brothers {Wake} Up Little Susie
59%
The Beatles {Get} Back
56%
The Foundations {Build} Me Up Buttercup
52%
Musical Youth {Pass} the Dutchie
45%
The Beachboys {Help} Me Rhonda
44%
Tony Orlando & Dawn {Knock} Three Times
40%
Otis Redding {Try} a Little Tenderness
40%
Devo {Whip} It
35%
Crosby, Stills, Nash & Young {Teach} Your Children
29%
Led Zeppelin {Ramble} On
24%
The Doors {Touch} Me
21%
Peter Gabriel {Shock} the Monkey
19%
No matching quizzes found
Score Distribution
Percent of People with Each Score
Percentile by Number Answered
Your Score History
You have not taken this quiz since the last reset